| 000 | 00895nam a2200241 a 4500 | ||
|---|---|---|---|
| 008 | 951211s1981||||[C 0 slo c | ||
| 020 |
_c26 Kčs. _q(4500 výtl.) |
||
| 040 |
_aSNK _bslo _cSNK _eAACR2 |
||
| 041 | 1 |
_aslo _hrus |
|
| 044 |
_axo _cSK |
||
| 080 | _a1 100.21(035) | ||
| 100 | 1 |
_aOjzerman, T.I. _4aut |
|
| 245 | 1 | 0 |
_aDialektický materializmus a dejiny filozofie _cFedor Iľjič Ojzerman ; Teodor Iľjič Ojzerman, Peter Majerský, Ladislav Hohoš, Ladislav Hruškovič |
| 250 | _a1., vyd. | ||
| 260 |
_aBratislava _bPravda _c1981 _eBratislava _fPravda |
||
| 300 |
_a335 s., 17,71 AH _c21 cm |
||
| 500 | _aLit. 419. Vec. a men. reg. 419 zázn. lit. o knihách a čl. v jaz. slov., čes., rus., nem. a franc. | ||
| 700 | 1 |
_aOjzerman, Teodor Iľjič _4aut |
|
| 700 | 1 |
_aMajerský, Peter _4trl |
|
| 700 | 1 |
_aHohoš, Ladislav _4trl |
|
| 700 | 1 |
_aHruškovič, Ladislav _4bkd |
|
| 958 | _aA | ||
| 999 |
_c15537 _d15537 |
||